| 000 | 00993nam a22003017a 4500 | ||
|---|---|---|---|
| 003 | CHAP | ||
| 005 | 20220329140900.0 | ||
| 008 | 971013s r 00010 d | ||
| 010 | _a59223 | ||
| 011 | _a60195 | ||
| 035 | _a64355 | ||
| 040 | _cCHAP | ||
| 090 | _aFolleto 3232 | ||
| 110 |
_aPrograma Nacional de Melhoramento de Cana de Acucar. Rio de Janeiro. Estacoes Experimentais _992340 |
||
| 245 | _aRelatorio anual, 19 - . | ||
| 260 |
_aRio de Janeiro : _bInstituto do Acucar e do Alcool, _c19 - . |
||
| 300 |
_av. _b: ilus. |
||
| 500 | _aLa biblioteca tiene: 1973 | ||
| 590 |
_aBATCH-UPD _b10 _c20130110 _lUCH01 _h2146 |
||
| 590 |
_aBATCH-UPD _b10 _c20130410 _lUCH01 _h1454 |
||
| 590 |
_aBATCH-UPD _b10 _c20130914 _lUCH01 _h0836 |
||
| 590 |
_aCONVERSION _b10 _c20130109 _lUCH01 _h1332 |
||
| 650 | 1 | 4 |
_aCaña de azúcar _xBrasil. _918583 |
| 650 | 1 | 4 |
_aCaña de azúcar _xMejoramiento. _918626 |
| 901 | _aBK | ||
| 942 | _cFOLL | ||
| 949 |
_aFolleto 3232 _bBC _cFOLL _d-140133 _eTS1 _i64355 _mD _si |
||
| 999 |
_c59223 _d59223 |
||